000 00627nam a2200241Ia 4500
003 OSt
005 20220918201644.0
006 a|||||r|||| 00| 0
007 ta
008 220917b |||||||| |||| 00| 0 eng d
024 _a95,474
037 _cTextual
040 _aARTS
_cARTS
_beng
041 _2eng
_aeng
082 _aV2:1:A, L3
100 _aWheeler J Talboys
245 0 _aIndia of the vedic age
260 _c1973
500 _aWith reference to the Mahabharati v 1 of the history of India
650 _aHISTORY
942 _hV2:1:A, L3
_cTEXL
_2CC
999 _c219095
_d219095